|
|
|
|
| LEADER |
00000nam0a2200000 4500 |
| 001 |
93571 |
| 005 |
20231101213909.0 |
| 035 |
|
|
|a (RuTPU)RU\TPU\book\100183
|
| 090 |
|
|
|a 93571
|
| 100 |
|
|
|a 20060330d1977 k y0rusy50 ca
|
| 101 |
0 |
|
|a rus
|
| 102 |
|
|
|a RU
|
| 105 |
|
|
|a y z 001zy
|
| 200 |
1 |
|
|a Становление и развитие технических наук
|f Б. И. Иванов, В. В. Чешев
|g Академия наук СССР (АН СССР), Институт истории естествознания и техники (ИИЕТ АН СССР)
|
| 210 |
|
|
|a Ленинград
|c Наука
|d 1977
|
| 215 |
|
|
|a 263 с.
|
| 320 |
|
|
|a Библиогр.: с. 239-256.
|
| 320 |
|
|
|a Предметный указатель: с. 257-262.
|
| 606 |
|
|
|a Технические науки
|x Методология
|2 stltpush
|3 (RuTPU)RU\TPU\subj\60066
|9 77556
|
| 610 |
1 |
|
|a методология
|
| 610 |
1 |
|
|a техника
|
| 610 |
1 |
|
|a история
|
| 675 |
|
|
|a 62:1(09)
|v 3
|
| 700 |
|
1 |
|a Иванов
|b Б. И.
|g Борис Ильич
|
| 701 |
|
1 |
|a Чешев
|b В. В.
|g Владислав Васильевич
|
| 712 |
0 |
2 |
|a Академия наук СССР (АН СССР)
|b Институт истории естествознания и техники (ИИЕТ АН СССР)
|c (Москва)
|c (1953- )
|2 stltpush
|3 (RuTPU)RU\TPU\col\8662
|
| 801 |
|
1 |
|a RU
|b 63413507
|c 20060330
|g PSBO
|
| 801 |
|
2 |
|a RU
|b 63413507
|c 20180306
|g PSBO
|
| 942 |
|
|
|c BK
|